Universal coverage in J&K (Record no. 520780)

000 -LEADER
fixed length control field 00729nam a22001457a 4500
008 - FIXED-LENGTH DATA ELEMENTS--GENERAL INFORMATION
fixed length control field 221012b ||||| |||| 00| 0 eng d
100 ## - MAIN ENTRY--PERSONAL NAME
Personal name Choudhary, Yasin M.
245 ## - TITLE STATEMENT
Title Universal coverage in J&K
260 ## - PUBLICATION, DISTRIBUTION, ETC. (IMPRINT)
Place of publication, distribution, etc Yojana
300 ## - PHYSICAL DESCRIPTION
Extent 66(9), Sep, 2022: p.51-55
520 ## - SUMMARY, ETC.
Summary, etc The Ayushman Bharat health and wellness centre programme (AB-HWC) of NHM, which includes the establishment of health and wellness centers (HWC) is the biggest intervention in strengthening primary level healthcare in recent years by moving from selective primary health caser to comprehensive primary health care (CPHC) to achieve universal health coverage. – Reproduced
773 ## - HOST ITEM ENTRY
Main entry heading Yojana
906 ## - LOCAL DATA ELEMENT F, LDF (RLIN)
Subject DIP HEALTH SERVICES
942 ## - ADDED ENTRY ELEMENTS (KOHA)
Item type Articles
Holdings
Withdrawn status Lost status Source of classification or shelving scheme Damaged status Not for loan Permanent location Current location Date acquired Serial Enumeration / chronology Barcode Date last seen Koha item type
          Indian Institute of Public Administration Indian Institute of Public Administration 2022-10-12 66(9), Sep, 2022: p.51-55 AR127364 2022-10-12 Articles

Powered by Koha